| 000 | 00388 a2200121 4500 | ||
|---|---|---|---|
| 020 | _a0849396522 (alk. paper) | ||
| 082 | _a624.171 SAT | ||
| 100 | _aSathyamoorthy, M. | ||
| 245 |
_aNonlinear analysis of structures / _cMuthukrishnan Sathyamoorthy. |
||
| 260 |
_aBoca Raton, FL : _bCRC Press, _c1998. |
||
| 300 |
_a621 p. : _bill. ; _c26 cm. |
||
| 650 | _aStructural analysis (Engineering) | ||
| 650 | _aNonlinear theories. | ||
| 999 |
_c1247 _d1247 |
||